000 00644cam a22002053a 4500
001 38810
003 PGUSA
005 20140828083845.0
008 120209s2012||||xxu|||||s|||||000 | eng d
040 _aPGUSA
_beng
042 _adc
100 1 _aIngersoll, Robert Green,
_d1833-1899
245 1 4 _aThe Works of Robert G. Ingersoll, Vol. 10 (of 12) :
_bDresden Edition—Legal
_h[electronic resource] /
_cRobert Green Ingersoll
260 _bProject Gutenberg,
_c2012
506 _aPublic domain in the USA.
516 _aElectronic text
830 0 _aProject Gutenberg
_v38810
856 4 0 _uhttp://www.gutenberg.org/ebooks/38810
942 _cEB
999 _c268064
_d268064